[Event "ODJM A 2016"]
[Site "Willingen GER"]
[Date "2016.05.17"]
[Round "5"]
[White "Wachinger, Nikolas"]
[Black "Niesel, Tobias"]
[Result "1/2-1/2"]
[Termination "normal"]
[Board "26"]
[WhiteElo "1542"]
[BlackElo "1973"]
[PlyCount "119"]
[WhiteFideId "12962791"]
[BlackFideId "12962155"]
[EventCountry "GER"]
[EventRounds "9"]
[EventType "swiss"]
[EventDate "2016.05.14"]

1. e4 c6 2. Nc3 d5 3. Qe2 dxe4 4. Nxe4 e6 5. g3 Nd7 6. Bg2 Ngf6 7. d3 Be7 8.
Nf3 Nd5 9. Bd2 a5 10. O-O O-O 11. d4 b5 12. Rfe1 Ba6 13. c3 h6 14. b3 Qc7 15.
Bc1 N7f6 16. Nxf6+ Bxf6 17. Bb2 Rab8 18. Ne5 Rfd8 19. Nd3 b4 20. c4 Nc3 21.
Bxc3 bxc3 22. Ne5 Bxe5 23. Qxe5 Qxe5 24. dxe5 Rd2 25. Bxc6 Bb7 26. Bxb7 Rxb7
27. Red1 Rb2 28. Rac1 c2 29. Rd2 Rxa2 30. Rcxc2 Rxc2 31. Rxc2 Rxb3 32. c5 Rb7
33. f4 Kf8 34. c6 Rc7 35. h4 Ke8 36. Rc5 Kd8 37. Rxa5 Rxc6 38. Kf2 Rc3 39. Ra7
Ke8 40. Ra8+ Ke7 41. h5 Rc2+ 42. Kf3 f5 43. exf6+ Kxf6 44. Kg4 Rc5 45. Ra6 Rb5
46. Rc6 Ra5 47. Rc3 Rb5 48. Rc8 Kf7 49. Kh4 Rb4 50. Rc5 Ra4 51. Re5 Rb4 52. Kg4
Ra4 53. Kf3 Ra3+ 54. Re3 Ra5 55. g4 Kf6 56. Rb3 Rc5 57. Kg3 Ra5 58. Rb4 Rc5 59.
Kh4 Ra5 60. Re4 1/2-1/2

[Event "ODJM A 2016"]
[Site "Willingen GER"]
[Date "2016.05.17"]
[Round "5"]
[White "Fistoul, Boris"]
[Black "Sinnhöfer, Jonas"]
[Result "1-0"]
[Termination "normal"]
[Board "27"]
[WhiteElo "1876"]
[BlackElo "1785"]
[PlyCount "85"]
[WhiteFideId "12953962"]
[BlackFideId "12982938"]
[EventCountry "GER"]
[EventRounds "9"]
[EventType "swiss"]
[EventDate "2016.05.14"]

1. d4 Nf6 2. c4 g6 3. f3 d6 4. e4 Bg7 5. Nc3 O-O 6. Bg5 e5 7. d5 c6 8. Qd2 cxd5
9. cxd5 a6 10. a4 Nbd7 11. b4 a5 12. Nb5 Qe7 13. Be3 b6 14. bxa5 bxa5 15. Bd3
Nh5 16. Ne2 f5 17. O-O f4 18. Bf2 Ba6 19. Rfc1 g5 20. h3 Nhf6 21. Rc6 Bxb5 22.
axb5 Nb8 23. Rc2 h5 24. b6 Qf7 25. Rc7 Nbd7 26. b7 Rad8 27. Bb5 Qg6 28. Qc2 g4
29. Kh1 Bh6 30. Rb1 Nb8 31. Ba7 Kh8 32. Rc8 Qg8 33. Rxb8 Rxb8 34. Bxb8 Rxb8 35.
Ba4 Qd8 36. Qc1 Nd7 37. Bxd7 Qxd7 38. Qc6 Qd8 39. Rc1 gxf3 40. gxf3 Qh4 41.
Qc8+ Bf8 42. Qxb8 Qf2 43. Qxf8+ 1-0

[Event "ODJM A 2016"]
[Site "Willingen GER"]
[Date "2016.05.17"]
[Round "5"]
[White "Ortmeier, Leonhard"]
[Black "Wissing, Philipp"]
[Result "1/2-1/2"]
[Termination "normal"]
[Board "28"]
[WhiteElo "1896"]
[BlackElo "1583"]
[PlyCount "42"]
[WhiteFideId "12993662"]
[BlackFideId "12993654"]
[EventCountry "GER"]
[EventRounds "9"]
[EventType "swiss"]
[EventDate "2016.05.14"]

1. e4 e6 2. d4 d5 3. exd5 exd5 4. Nf3 Bd6 5. Bd3 Ne7 6. O-O O-O 7. c3 Bf5 8.
Qc2 Bxd3 9. Qxd3 c6 10. Be3 Ng6 11. Nbd2 Nd7 12. Rfe1 Re8 13. b4 a6 14. Nb3 Qc7
15. a4 f6 16. a5 Kh8 17. Bd2 Bf4 18. g3 Bxd2 19. Qxd2 Ne7 20. Re2 Nf8 21. Rae1
Nfg6 1/2-1/2

[Event "ODJM A 2016"]
[Site "Willingen GER"]
[Date "2016.05.17"]
[Round "5"]
[White "Roos, Elias"]
[Black "Wensing, Maximilian"]
[Result "0-1"]
[Termination "normal"]
[Board "29"]
[WhiteElo "1722"]
[BlackElo "1814"]
[PlyCount "64"]
[WhiteFideId "12953415"]
[BlackFideId "16222415"]
[EventCountry "GER"]
[EventRounds "9"]
[EventType "swiss"]
[EventDate "2016.05.14"]

1. e4 c5 2. Nf3 d6 3. d4 cxd4 4. Nxd4 Nf6 5. Nc3 a6 6. Bg5 e6 7. f4 Be7 8. Qf3
Nbd7 9. O-O-O Qc7 10. g4 h6 11. Bh4 g5 12. fxg5 Ne5 13. Qe2 Nfxg4 14. Bh3 hxg5
15. Bxg4 Rxh4 16. h3 Bd7 17. Rhf1 O-O-O 18. Nf3 Rh7 19. Nxe5 dxe5 20. Rd3 Kb8
21. Bh5 f6 22. Bg4 Bc8 23. Nd1 Rxd3 24. Qxd3 Bd8 25. Qb3 Qc6 26. Qe3 Rd7 27.
Nf2 Qc4 28. Nd3 Qxa2 29. Kd2 Qxb2 30. Bxe6 Ba5+ 31. Kd1 Qb1+ 32. Qc1 Rxd3+ 0-1

[Event "ODJM A 2016"]
[Site "Willingen GER"]
[Date "2016.05.17"]
[Round "5"]
[White "Dietz, Florian"]
[Black "Grohmann, Alexander"]
[Result "1/2-1/2"]
[Termination "normal"]
[Board "30"]
[WhiteElo "1803"]
[BlackElo "1801"]
[PlyCount "104"]
[WhiteFideId "12939897"]
[BlackFideId "12947679"]
[EventCountry "GER"]
[EventRounds "9"]
[EventType "swiss"]
[EventDate "2016.05.14"]

1. e4 c5 2. Nf3 d6 3. d4 cxd4 4. Nxd4 Nf6 5. Nc3 a6 6. Be3 e6 7. Be2 Qc7 8. O-O
Be7 9. f4 b5 10. Bf3 Bb7 11. a3 O-O 12. Qe1 Nbd7 13. Qg3 Rfd8 14. Rad1 Nc5 15.
e5 dxe5 16. fxe5 Nfd7 17. Bxb7 Nxb7 18. Ne4 Qxe5 19. Qf3 f5 20. Nc6 Qxe4 21.
Nxe7+ Kh8 22. Qxe4 fxe4 23. Nc6 Nf6 24. Nxd8 Rxd8 25. Rxd8+ Nxd8 26. Bg5 Nc6
27. Bxf6 gxf6 28. Rxf6 Nd4 29. c3 Kg7 30. Rf2 Nf5 31. Re2 Nd6 32. Kf2 Kf6 33.
Kg3 Kg5 34. h4+ Kf5 35. Kh3 Kf4 36. Kh2 Nf5 37. Kg1 Nxh4 38. g3+ Kf3 39. Kf1
Nf5 40. Rh2 Nxg3+ 41. Ke1 h5 42. b3 e3 43. c4 bxc4 44. bxc4 Ne4 45. Rxh5 Nf2
46. Rh2 Nd3+ 47. Kf1 Nc5 48. Rh3+ Ke4 49. Ke2 Kd4 50. Rh4+ Kc3 51. Kxe3 Nd3 52.
Ke2 Nc5 1/2-1/2

[Event "ODJM A 2016"]
[Site "Willingen GER"]
[Date "2016.05.17"]
[Round "5"]
[White "Wolff, Marie Antoinette"]
[Black "Wagner, Swenja"]
[Result "0-1"]
[Termination "normal"]
[Board "31"]
[WhiteElo "1786"]
[BlackElo "1673"]
[PlyCount "82"]
[WhiteFideId "12908258"]
[BlackFideId "12900494"]
[EventCountry "GER"]
[EventRounds "9"]
[EventType "swiss"]
[EventDate "2016.05.14"]

1. c4 c5 2. Nc3 Nc6 3. g3 g6 4. Bg2 Bg7 5. e3 e5 6. Nge2 Nf6 7. O-O O-O 8. a3
d6 9. Rb1 a5 10. Nb5 Be6 11. b3 Qd7 12. d4 cxd4 13. exd4 d5 14. dxe5 Nxe5 15.
Nf4 Bf5 16. Rb2 dxc4 17. Qxd7 Bxd7 18. Nd6 cxb3 19. Nxb7 a4 20. Re2 Nc4 21. Nc5
Rab8 22. Nd5 Bb5 23. Rfe1 Nxd5 24. Bxd5 Nxa3 25. Nd7 Bxd7 26. Bxa3 Rfe8 27.
Rxe8+ Rxe8 28. Rxe8+ Bxe8 29. Be4 Bd7 30. Kf1 b2 31. Bc2 Bf5 32. Bxb2 Bxc2 33.
Ba3 Bf8 34. Bxf8 Kxf8 35. h4 a3 36. g4 a2 37. h5 gxh5 38. gxh5 a1=Q+ 39. Kg2
Kg7 40. f4 Qc3 41. f5 Kf6 0-1

[Event "ODJM A 2016"]
[Site "Willingen GER"]
[Date "2016.05.17"]
[Round "5"]
[White "Lehmann, Tim"]
[Black "Weinkauf, Viktor"]
[Result "1-0"]
[Termination "normal"]
[Board "32"]
[WhiteElo "1613"]
[BlackElo "1847"]
[PlyCount "73"]
[WhiteFideId "12979171"]
[BlackFideId "1272036"]
[EventCountry "GER"]
[EventRounds "9"]
[EventType "swiss"]
[EventDate "2016.05.14"]

1. d4 Nf6 2. Bf4 c5 3. e3 e6 4. c3 d5 5. Nf3 Bd6 6. Bg3 Nc6 7. Nbd2 O-O 8. Bd3
c4 9. Be2 b5 10. a3 a5 11. O-O Bxg3 12. hxg3 Bb7 13. Re1 b4 14. Rb1 b3 15. Bf1
Nd7 16. e4 Nb6 17. e5 Bc8 18. Qe2 Bd7 19. Qe3 h6 20. Qe2 Qe7 21. Qe3 Na7 22.
Ra1 Na4 23. Qe2 Nxb2 24. Nxb3 cxb3 25. Qxb2 a4 26. Re3 Bb5 27. Nd2 Bxf1 28.
Kxf1 Rfc8 29. Rc1 Nb5 30. Nb1 Rc6 31. Rd3 Rac8 32. Ke2 Qg5 33. f4 Qf5 34. Nd2
Qxd3+ 35. Kxd3 Rxc3+ 36. Rxc3 Rxc3+ 37. Qxc3 1-0

[Event "ODJM A 2016"]
[Site "Willingen GER"]
[Date "2016.05.17"]
[Round "5"]
[White "Richter, Nils"]
[Black "Zeuner, Ole"]
[Result "1/2-1/2"]
[Termination "normal"]
[Board "33"]
[WhiteElo "1826"]
[BlackElo "1567"]
[PlyCount "103"]
[WhiteFideId "12990809"]
[BlackFideId "12943576"]
[EventCountry "GER"]
[EventRounds "9"]
[EventType "swiss"]
[EventDate "2016.05.14"]

1. e4 c5 2. Nf3 Nc6 3. d4 cxd4 4. Nxd4 g6 5. c4 Bg7 6. Be3 Nf6 7. Nc3 O-O 8.
Be2 d6 9. O-O Bd7 10. Rc1 Nxd4 11. Bxd4 Bc6 12. f3 Nd7 13. Bxg7 Kxg7 14. Qd4+
Kg8 15. Kh1 Qb6 16. Qd2 Kg7 17. f4 Nc5 18. Bf3 Rac8 19. f5 Nd7 20. fxg6 hxg6
21. Bg4 Rh8 22. Bxd7 Bxd7 23. Nd5 Qd8 24. Qd4+ f6 25. Qxa7 Rh4 26. Qe3 Qh8 27.
Qg3 Qh6 28. Rf4 Rh8 29. Qxh4 Qxh4 30. Rxh4 Rxh4 31. Re1 e6 32. Nc3 Bc6 33. Kg1
Kf7 34. h3 Rh8 35. Kf2 f5 36. exf5 gxf5 37. Ne2 Be4 38. Nd4 Rc8 39. Nb5 Ke7 40.
b3 Ra8 41. Nc3 Bc6 42. g3 Kf6 43. h4 e5 44. a4 Ke6 45. Rd1 Rh8 46. Nd5 f4 47.
Rd2 fxg3+ 48. Kxg3 Rg8+ 49. Kh3 Rg1 50. Rd3 Re1 51. h5 Bxd5 52. cxd5+ 1/2-1/2

[Event "ODJM A 2016"]
[Site "Willingen GER"]
[Date "2016.05.17"]
[Round "5"]
[White "Schilay, Lorenz"]
[Black "Fromm, Johannes"]
[Result "1-0"]
[Termination "normal"]
[Board "34"]
[WhiteElo "1762"]
[BlackElo "1467"]
[PlyCount "85"]
[WhiteFideId "12930180"]
[BlackFideId "12993204"]
[EventCountry "GER"]
[EventRounds "9"]
[EventType "swiss"]
[EventDate "2016.05.14"]

1. e4 c5 2. Nc3 e6 3. f4 d5 4. e5 Nc6 5. Nf3 Nge7 6. Bb5 a6 7. Bxc6+ Nxc6 8. d4
b5 9. Be3 Qb6 10. Ne2 Bb7 11. dxc5 Bxc5 12. Bxc5 Qxc5 13. c3 O-O 14. Nfd4 b4
15. Nxc6 Bxc6 16. Qd4 Qc4 17. cxb4 Bb5 18. Qxc4 Bxc4 19. Nd4 Rfb8 20. a3 Rb6
21. Kd2 f6 22. b3 Bb5 23. Rhc1 Be8 24. Rc7 Bf7 25. Rac1 fxe5 26. fxe5 h6 27.
Rc8+ Rxc8 28. Rxc8+ Kh7 29. Rc6 Rxc6 30. Nxc6 Kg6 31. Ke3 Be8 32. Nd8 Kf5 33.
Kd4 g5 34. a4 h5 35. Nb7 Kf4 36. Nd6 Bd7 37. b5 axb5 38. axb5 h4 39. b6 Bc6 40.
b7 Bxb7 41. Nxb7 h3 42. gxh3 Kf3 43. Nc5 1-0

[Event "ODJM A 2016"]
[Site "Willingen GER"]
[Date "2016.05.17"]
[Round "5"]
[White "Bethke, Robert"]
[Black "Grunert, Friedrich"]
[Result "1-0"]
[Termination "normal"]
[Board "35"]
[WhiteElo "1713"]
[BlackElo "1694"]
[PlyCount "155"]
[WhiteFideId "12959251"]
[BlackFideId "12995592"]
[EventCountry "GER"]
[EventRounds "9"]
[EventType "swiss"]
[EventDate "2016.05.14"]

1. c4 Nf6 2. Nc3 g6 3. Nf3 Bg7 4. g3 O-O 5. Bg2 d6 6. O-O e5 7. d3 Nbd7 8. Bd2
a5 9. a3 Ne8 10. Qc1 f5 11. Bh6 Nc5 12. Bxg7 Kxg7 13. Qc2 a4 14. Nd2 c6 15. f4
Nf6 16. fxe5 dxe5 17. h3 Nh5 18. Kh2 Qc7 19. Rf3 Be6 20. Raf1 f4 21. Nce4 Nxe4
22. Nxe4 Bf5 23. g4 Bxe4 24. dxe4 Ng3 25. Rd1 Rfd8 26. Rfd3 Rxd3 27. Qxd3 Qb6
28. Qd7+ Kh8 29. Qe7 Nxe2 30. c5 Qb3 31. Qxe5+ Kg8 32. Rf1 Qg3+ 33. Kh1 Qb3 34.
Rf3 Qd1+ 35. Bf1 Ng3+ 36. Kg2 Nxf1 37. Rxf1 Qc2+ 38. Rf2 Qb3 39. Qxf4 Re8 40.
Qc7 Qe6 41. Kg3 Qe5+ 42. Qxe5 Rxe5 43. Kf4 Rxc5 44. Rd2 g5+ 45. Kf3 Rb5 46. Kg3
Rb3+ 47. Kg2 Re3 48. Rd8+ Kf7 49. Rd7+ Ke6 50. Rxb7 Rxe4 51. Kf3 Rd4 52. Ke3
Rc4 53. Kd3 Rf4 54. Rxh7 Rf3+ 55. Kc4 Rb3 56. Ra7 Rxb2 57. Rxa4 Rh2 58. Kc5
Rxh3 59. Kxc6 Rc3+ 60. Kb6 Kd7 61. Rd4+ Kc8 62. a4 Rf3 63. a5 Rf6+ 64. Kb5 Rf8
65. Rd5 Rg8 66. Rf5 Rg6 67. Kc5 Kb7 68. Kb5 Ka7 69. Re5 Kb7 70. Rc5 Ka7 71. Rc6
Rxc6 72. Kxc6 Ka6 73. Kd5 Kxa5 74. Ke5 Kb5 75. Kf5 Kc5 76. Kxg5 Kd6 77. Kf6 Kd7
78. Kf7 1-0

[Event "ODJM A 2016"]
[Site "Willingen GER"]
[Date "2016.05.17"]
[Round "5"]
[White "Aengenheister, Dennis"]
[Black "Buller, Ian Joshua"]
[Result "1/2-1/2"]
[Termination "normal"]
[Board "36"]
[WhiteElo "1749"]
[BlackElo "1424"]
[PlyCount "79"]
[WhiteFideId "16225490"]
[BlackFideId "12990655"]
[EventCountry "GER"]
[EventRounds "9"]
[EventType "swiss"]
[EventDate "2016.05.14"]

1. f4 d5 2. Nf3 Nf6 3. g3 g6 4. Bg2 Bg7 5. O-O c5 6. d3 O-O 7. Nc3 d4 8. Na4
Nbd7 9. e4 dxe3 10. Bxe3 Nd5 11. Bd2 e6 12. Ng5 Rb8 13. Qe1 N7b6 14. Nc3 Bd7
15. Nge4 Bc6 16. Rb1 c4 17. Qe2 Nxc3 18. Bxc3 cxd3 19. Qxd3 Qxd3 20. cxd3 Rfd8
21. Rfd1 Nd5 22. Ba5 b6 23. Bd2 Bb5 24. Nf2 Bd4 25. Bf1 Ne3 26. Bxe3 Bxe3 27.
Be2 Rd7 28. Kf1 f5 29. Nh3 h6 30. Ng1 Bxg1 31. Kxg1 Rbd8 32. Rd2 Bxd3 33. Rbd1
Bb5 34. Rxd7 Rxd7 35. Rxd7 Bxd7 36. Kf2 Kf7 37. Ke3 Kf6 38. Kd4 g5 39. a3 g4
40. b4 1/2-1/2

[Event "ODJM A 2016"]
[Site "Willingen GER"]
[Date "2016.05.17"]
[Round "5"]
[White "Reucker, Friedrich"]
[Black "Bosselmann, Tom Linus"]
[Result "1/2-1/2"]
[Termination "normal"]
[Board "38"]
[WhiteElo "1776"]
[BlackElo "1830"]
[PlyCount "81"]
[WhiteFideId "12993670"]
[BlackFideId "12983845"]
[EventCountry "GER"]
[EventRounds "9"]
[EventType "swiss"]
[EventDate "2016.05.14"]

1. g3 Nf6 2. Bg2 e5 3. c4 d5 4. cxd5 Nxd5 5. Nc3 Nb6 6. Nf3 Nc6 7. O-O Be7 8.
d3 Be6 9. Bd2 O-O 10. a3 a5 11. Na4 Nd5 12. Rc1 f6 13. Qc2 Qd7 14. Nc5 Bxc5 15.
Qxc5 Rfd8 16. Rfe1 a4 17. Qb5 Nb6 18. Bb4 Bd5 19. Qc5 Rac8 20. Qc3 Bb3 21. Nd2
Nd5 22. Bxd5+ Bxd5 23. b3 axb3 24. Nxb3 b6 25. Nd2 Nd4 26. Qb2 Qh3 27. e4 Bf7
28. Bc3 Ne6 29. Re3 Ng5 30. d4 exd4 31. Bxd4 Qd7 32. Bc3 Ne6 33. Nf3 Nc5 34.
Bd4 Na4 35. Qe2 Bh5 36. Qa2+ Kh8 37. Ba1 Bxf3 38. Rxf3 Qd2 39. Qxd2 Rxd2 40. e5
fxe5 41. Rxc7 1/2-1/2

[Event "ODJM A 2016"]
[Site "Willingen GER"]
[Date "2016.05.17"]
[Round "5"]
[White "Isler, Benjamin"]
[Black "Heldt, Nils-Lennart"]
[Result "1-0"]
[Termination "normal"]
[Board "39"]
[WhiteElo "1700"]
[BlackElo "1994"]
[PlyCount "63"]
[WhiteFideId "12975478"]
[BlackFideId "12952109"]
[EventCountry "GER"]
[EventRounds "9"]
[EventType "swiss"]
[EventDate "2016.05.14"]

1. e4 e5 2. Nf3 Nc6 3. Bc4 Bc5 4. c3 Nf6 5. d4 exd4 6. cxd4 Bb4+ 7. Nc3 Nxe4 8.
O-O Bxc3 9. d5 Ne5 10. Bb3 O-O 11. bxc3 Nxc3 12. Qc2 Nxf3+ 13. gxf3 Nb5 14. Qb2
Qh4 15. Bc2 Nd6 16. Kh1 f6 17. Rg1 Kh8 18. Be3 Qh5 19. Qd4 Qxf3+ 20. Rg2 Nf5
21. Qd3 g6 22. Bd1 Qh3 23. Bg4 Qh4 24. Bxf5 gxf5 25. Rag1 b6 26. Bg5 fxg5 27.
Qc3+ Kg8 28. Rxg5+ Kf7 29. Rg7+ Ke8 30. Re1+ Qe4+ 31. Rxe4+ fxe4 32. Qxc7 1-0

[Event "ODJM A 2016"]
[Site "Willingen GER"]
[Date "2016.05.17"]
[Round "5"]
[White "Melde, Benjamin"]
[Black "Kagan, Dennis"]
[Result "0-1"]
[Termination "normal"]
[Board "40"]
[WhiteElo "1707"]
[BlackElo "1974"]
[PlyCount "110"]
[WhiteFideId "12958816"]
[BlackFideId "12983578"]
[EventCountry "GER"]
[EventRounds "9"]
[EventType "swiss"]
[EventDate "2016.05.14"]

1. e4 c5 2. Nf3 d6 3. d4 cxd4 4. Nxd4 Nf6 5. Nc3 Nc6 6. Be3 Ng4 7. Bg5 h6 8.
Bh4 g5 9. Bg3 Bg7 10. Nb3 Bxc3+ 11. bxc3 Qb6 12. Be2 Nge5 13. O-O Bd7 14. Rb1
Rc8 15. Qd2 a6 16. Nd4 Qc7 17. f4 gxf4 18. Qxf4 Nd8 19. Bh5 Qxc3 20. Nf5 Bxf5
21. Qxf5 Qc5+ 22. Kh1 Rc7 23. Rbd1 Rf8 24. Rd5 Qc6 25. Bxe5 dxe5 26. Qxe5 e6
27. Rfd1 Ke7 28. Rd6 Qb5 29. Qd4 Nc6 30. Rd7+ Rxd7 31. Qxd7+ Kf6 32. e5+ Nxe5
33. Qd4 Rc8 34. Re1 Rc5 35. Qd8+ Kg7 36. h3 Qa5 37. Qd1 Qc3 38. Rf1 Ng6 39. Qg4
Qc4 40. Qxc4 Rxc4 41. Rb1 Rxc2 42. Rxb7 Rxa2 43. Ra7 a5 44. Kh2 Kf6 45. Bf3 a4
46. Kg1 a3 47. Ra6 Nf4 48. Kh2 Ra1 49. Kg3 Nd3 50. Be2 Nb4 51. Ra4 Nd5 52. Ra6
Nc3 53. Bc4 Rc1 54. Bb3 Rb1 55. Bc4 Rb4 0-1

[Event "ODJM A 2016"]
[Site "Willingen GER"]
[Date "2016.05.17"]
[Round "5"]
[White "Bangert, Benjamin"]
[Black "Bilau, Max"]
[Result "1-0"]
[Termination "normal"]
[Board "43"]
[WhiteElo "1776"]
[BlackElo "1645"]
[PlyCount "45"]
[WhiteFideId "24692654"]
[BlackFideId "12974838"]
[EventCountry "GER"]
[EventRounds "9"]
[EventType "swiss"]
[EventDate "2016.05.14"]

1. c4 e6 2. Nf3 c5 3. g3 Nf6 4. Bg2 d5 5. b3 Nc6 6. Bb2 Be7 7. O-O O-O 8. cxd5
exd5 9. d4 b6 10. Nc3 Bg4 11. Ne5 Nxd4 12. Nxg4 Nxg4 13. e3 Nxb3 14. axb3 Nf6
15. Nxd5 Nxd5 16. Bxd5 Rc8 17. Rxa7 Bf6 18. Bxf6 Qxf6 19. Qf3 Qg6 20. Rd1 Rce8
21. Kg2 Re5 22. Bxf7+ Rxf7 23. Rd8+ 1-0

[Event "ODJM A 2016"]
[Site "Willingen GER"]
[Date "2016.05.17"]
[Round "5"]
[White "Brunner, Tobias"]
[Black "Nguyen, Ha Thanh"]
[Result "0-1"]
[Termination "normal"]
[Board "44"]
[WhiteElo "1762"]
[BlackElo "1704"]
[PlyCount "66"]
[WhiteFideId "12949833"]
[BlackFideId "12942154"]
[EventCountry "GER"]
[EventRounds "9"]
[EventType "swiss"]
[EventDate "2016.05.14"]

1. e4 c5 2. Nc3 Nc6 3. Bc4 e6 4. a3 d6 5. d3 Nf6 6. Bg5 Be7 7. Nge2 Nxe4 8.
Bxe7 Nxc3 9. Nxc3 Qxe7 10. Qg4 O-O 11. Ba2 Nd4 12. O-O-O b5 13. Rde1 a5 14. Bb1
b4 15. axb4 axb4 16. Nd1 Ra1 17. Ne3 Qa7 18. Kd2 d5 19. Rd1 f5 20. Qg5 c4 21.
dxc4 dxc4 22. Ke1 c3 23. bxc3 bxc3 24. Qf4 Ra4 25. Qd6 f4 26. Ng4 Nf5 27. Qd3
Qa5 28. Qe2 h5 29. Ne5 Ba6 30. Nd3 Nd4 31. Qe5 Bxd3 32. Qxa5 Nxc2+ 33. Bxc2
Re4# 0-1

[Event "ODJM A 2016"]
[Site "Willingen GER"]
[Date "2016.05.17"]
[Round "5"]
[White "Richter, Robert"]
[Black "Krauße, Sandro"]
[Result "0-1"]
[Termination "normal"]
[Board "45"]
[WhiteElo "1550"]
[BlackElo "1734"]
[PlyCount "98"]
[WhiteFideId "12978744"]
[BlackFideId "12953733"]
[EventCountry "GER"]
[EventRounds "9"]
[EventType "swiss"]
[EventDate "2016.05.14"]

1. e4 e6 2. d4 d5 3. Nd2 c5 4. c3 cxd4 5. cxd4 dxe4 6. Nxe4 Nc6 7. Nf3 Nf6 8.
Bd3 Bb4+ 9. Bd2 Bxd2+ 10. Qxd2 O-O 11. Bc2 Nd5 12. a3 Qa5 13. Nc3 Rd8 14. O-O
Nxc3 15. bxc3 e5 16. Qd3 g6 17. Qe3 exd4 18. cxd4 Bg4 19. Bb3 Qf5 20. Ng5 Re8
21. Qc1 Nxd4 22. Bxf7+ Qxf7 23. Nxf7 Ne2+ 24. Kh1 Nxc1 25. Nh6+ Kg7 26. Nxg4
Nd3 27. Rad1 Nc5 28. g3 Re2 29. Rc1 b6 30. Rc3 Rd8 31. Kg1 Rdd2 32. h4 h5 33.
Ne3 Kf6 34. Kg2 Rxf2+ 35. Rxf2+ Rxf2+ 36. Kxf2 Ne4+ 37. Kf3 Nxc3 38. Nc2 Ke5
39. Ke3 Nd5+ 40. Kf3 b5 41. g4 a5 42. gxh5 gxh5 43. Kg3 Ke4 44. Kf2 Nb6 45. Ne1
Nc4 46. Nc2 Kd3 47. Ne1+ Kc3 48. Kf3 Nxa3 49. Kf4 b4 0-1

[Event "ODJM A 2016"]
[Site "Willingen GER"]
[Date "2016.05.17"]
[Round "5"]
[White "Greßmann, Hanna"]
[Black "Reck, Jessica"]
[Result "1-0"]
[Termination "normal"]
[Board "46"]
[WhiteElo "1781"]
[BlackElo "1692"]
[PlyCount "41"]
[WhiteFideId "12930709"]
[BlackFideId "12917931"]
[EventCountry "GER"]
[EventRounds "9"]
[EventType "swiss"]
[EventDate "2016.05.14"]

1. e4 g6 2. d4 c6 3. f4 d5 4. e5 Bg7 5. Nf3 Bg4 6. Bd3 e6 7. Nbd2 Ne7 8. O-O
Nd7 9. c3 Nf5 10. Qe1 Bxf3 11. Nxf3 Qe7 12. g4 Nh6 13. Qg3 Bf8 14. Qh3 Ng8 15.
f5 gxf5 16. gxf5 O-O-O 17. Bg5 f6 18. exf6 Ndxf6 19. fxe6 Kb8 20. Kh1 Qd6 21.
Ne5 1-0

[Event "ODJM A 2016"]
[Site "Willingen GER"]
[Date "2016.05.17"]
[Round "5"]
[White "Frohnhäuser, Simon"]
[Black "Stockter, Jasper Enno"]
[Result "1-0"]
[Termination "normal"]
[Board "47"]
[WhiteElo "1559"]
[BlackElo "1479"]
[PlyCount "129"]
[WhiteFideId "16208528"]
[BlackFideId "12957291"]
[EventCountry "GER"]
[EventRounds "9"]
[EventType "swiss"]
[EventDate "2016.05.14"]

1. e4 e6 2. d4 d5 3. e5 c5 4. c3 Nc6 5. Nf3 Bd7 6. a3 Be7 7. b4 c4 8. Be3 b5 9.
Nbd2 f6 10. exf6 Nxf6 11. Qc2 O-O 12. Be2 Be8 13. O-O Bg6 14. Qc1 Ne4 15. Nxe4
Bxe4 16. Ng5 Bxg5 17. Bxg5 Qc7 18. f3 Bg6 19. Qd2 Ne7 20. Rfe1 Nf5 21. Bf4 Qf7
22. Be5 Ne7 23. Bf1 h6 24. Ra2 Bh7 25. a4 a6 26. Rea1 Qe8 27. Bd6 Rf7 28. Qe1
Ng6 29. axb5 Qxb5 30. Ra5 Qb6 31. Bg3 Re7 32. Kh1 Nf8 33. Qe5 Rd7 34. Qe1 Re7
35. R1a2 Bf5 36. Qa1 Rea7 37. b5 Nd7 38. Rxa6 Rxa6 39. Rxa6 Rxa6 40. Qxa6 Kf7
41. Bd6 Bc2 42. Bc5 Qxa6 43. bxa6 Ba4 44. Bd6 Bb5 45. a7 Bc6 46. Be2 Nb6 47.
Bd1 Nc8 48. Bb8 Ke7 49. Bc2 Nd6 50. Ba4 Ba8 51. Kg1 Nc8 52. Kf2 Nb6 53. Bb5 Kd8
54. Ke3 Ke7 55. Bc7 Nc8 56. Bb8 Nd6 57. Ba4 g5 58. g4 Nb7 59. Bc6 Kf6 60. Be5+
Kg6 61. f4 Kf7 62. Kf3 Kg6 63. Kg3 Kh7 64. h4 Kg6 65. Be8+ 1-0

[Event "ODJM A 2016"]
[Site "Willingen GER"]
[Date "2016.05.17"]
[Round "5"]
[White "Thumm, Niklas"]
[Black "Huber, Marinus"]
[Result "1-0"]
[Termination "normal"]
[Board "48"]
[WhiteElo "1788"]
[BlackElo "1639"]
[PlyCount "119"]
[WhiteFideId "12918733"]
[BlackFideId "12979856"]
[EventCountry "GER"]
[EventRounds "9"]
[EventType "swiss"]
[EventDate "2016.05.14"]

1. e4 d5 2. exd5 Qxd5 3. Nc3 Qd8 4. d4 Nf6 5. Nf3 Bg4 6. Bc4 e6 7. h3 Bh5 8.
Be3 c6 9. Qe2 Nbd7 10. O-O Be7 11. Rad1 O-O 12. Bf4 Nd5 13. Nxd5 cxd5 14. Bb3
Rc8 15. c3 a6 16. Bc2 b5 17. Rc1 Nb6 18. Bb1 Qd7 19. Rfe1 Rc6 20. g4 Bg6 21.
Ne5 Qc8 22. Nxc6 Qxc6 23. Bxg6 hxg6 24. Bg3 g5 25. Rc2 Qb7 26. Kg2 b4 27. Rh1
Rc8 28. h4 bxc3 29. bxc3 Na4 30. Qd3 Nb2 31. Qe2 Na4 32. hxg5 Nxc3 33. Qd3 Ne4
34. Rxc8+ Qxc8 35. f3 Nxg5 36. Bh4 f6 37. Bxg5 fxg5 38. Qg6 Bf6 39. Qd3 Kf7 40.
Rd1 Qb7 41. Qc2 Qb6 42. Qc3 Ke7 43. Rd2 Kd7 44. Rd3 Kd6 45. Qd2 a5 46. f4 gxf4
47. Qxf4+ Kd7 48. Rd2 Qb4 49. Qe3 Qb6 50. g5 Be7 51. Qe5 Bf8 52. Rf2 Qd8 53.
Rf7+ Kc8 54. Qxe6+ Kb8 55. Qf5 Bd6 56. Qxd5 Qb6 57. Qb3 Qxb3 58. axb3 g6 59.
Rg7 Bf4 60. Rxg6 1-0

[Event "ODJM A 2016"]
[Site "Willingen GER"]
[Date "2016.05.17"]
[Round "5"]
[White "Pahl, Theis"]
[Black "Askri, Samir"]
[Result "1-0"]
[Termination "normal"]
[Board "49"]
[WhiteElo "1583"]
[BlackElo "1867"]
[PlyCount "49"]
[WhiteFideId "16201264"]
[BlackFideId "12924938"]
[EventCountry "GER"]
[EventRounds "9"]
[EventType "swiss"]
[EventDate "2016.05.14"]

1. e4 e6 2. d4 d5 3. Nd2 h6 4. Ngf3 Nf6 5. Bd3 c5 6. exd5 exd5 7. dxc5 Bxc5 8.
O-O O-O 9. Nb3 Bd6 10. Nbd4 Bg4 11. Be3 Nc6 12. c3 Ne5 13. h3 Nxd3 14. Qxd3 Bh5
15. Rad1 a6 16. Rfe1 Bg6 17. Nf5 Qd7 18. N3h4 Bh7 19. Bd4 Ne4 20. Nxg7 Nxf2 21.
Qf3 Nxh3+ 22. gxh3 Qd8 23. Qg2 Qxh4 24. Nf5+ Qg5 25. Nxh6# 1-0